|
|
|
|
| LEADER |
00000nam2a2200000 4500 |
| 001 |
293330 |
| 005 |
20231102000601.0 |
| 035 |
|
|
|a (RuTPU)RU\TPU\book\318327
|
| 035 |
|
|
|a RU\TPU\book\318282
|
| 035 |
|
|
|a RU\TPU\book\318285
|
| 090 |
|
|
|a 293330
|
| 100 |
|
|
|a 20150429d1948 k y0rusy50 ca
|
| 101 |
0 |
|
|a rus
|
| 102 |
|
|
|a RU
|
| 105 |
|
|
|a a z 001zy
|
| 200 |
0 |
|
|a Т. 108, кн. 4 : Исследование феномена посттетанического усиления сокращения мышцы
|e [монография]
|f И. Г. Валидов
|g отв. ред. К. П. Ситников
|
| 210 |
|
|
|d 1948
|
| 215 |
|
|
|a 209 с.
|c ил.
|
| 225 |
1 |
|
|a Физиология
|v Вып. 7
|
| 320 |
|
|
|a Библиогр.: с. 205-207
|
| 461 |
|
1 |
|0 (RuTPU)RU\TPU\book\283219
|t Ученые записки Казанского университета
|o [сборник научных трудов]
|f Казанский государственный университет (КГУ)
|v Т. 108, кн. 4 : Исследование феномена посттетанического усиления сокращения мышцы
|d 1909-
|
| 606 |
1 |
|
|a Физиология
|2 stltpush
|3 (RuTPU)RU\TPU\subj\63782
|9 80720
|
| 610 |
1 |
|
|a нервно-мышечные конечности
|
| 610 |
1 |
|
|a утомление
|
| 610 |
1 |
|
|a эксперименты
|
| 610 |
1 |
|
|a тетанизация
|
| 610 |
1 |
|
|a электрическая реакция
|
| 610 |
1 |
|
|a сокращения
|
| 610 |
1 |
|
|a адреналин
|
| 610 |
1 |
|
|a хлористый калий
|
| 610 |
1 |
|
|a хлористый кальций
|
| 675 |
|
|
|a 612
|v 4
|
| 700 |
|
1 |
|a Валидов
|b И. Г.
|
| 702 |
|
1 |
|a Ситников
|b К. П.
|4 340
|
| 801 |
|
1 |
|a RU
|b 63413507
|c 20150429
|
| 801 |
|
2 |
|a RU
|b 63413507
|c 20170302
|g RCR
|
| 942 |
|
|
|c BK
|